000 00820nam a2200241Ia 4500
003 GCL
008 140319s9999 xx 000 0 ara d
020 _a?045373977
040 _aGCL /
_cGCL
082 0 4 _a301.1
_bح ع
100 1 _aحامد عبدالسلام زهران
245 1 0 _aعلم النفس الاجتماعى /
_cحامد عبدالسلام زهران
250 _aالخامسة
260 _aالقاهرة :
_bعالم الكتب الحديث ،
_c1984
300 _a475 ص:
_bايض ؛
_c23 سم
650 0 4 _aعلم النفس
650 0 4 _aالعلاقات الانسانية
650 0 4 _aالعلاقات الاسرية
650 0 4 _aعلم النفس الاجتماعى
650 0 4 _aالصراع الاجتماعى
650 0 4 _aالقياس الاجتماعى
942 _2ddc
_cBK
999 _c34534
_d34534